Jornada de treball del Servei de Projectes, Obres i Manteniment : Flor de Maig : 4 de desembre de 2003 Flor de Maig :
Descripción Física:
[266] p. : fot., gràfics ; 30 cm
MARC
| LEADER | 00000nam a2200000Ia 4500 | ||
|---|---|---|---|
| 001 | 18819 | ||
| 003 | BGR | ||
| 005 | 20260324180024.0 | ||
| 008 | 160829s2003 xx 000 0 cat d | ||
| 080 | |a C-2-495 | ||
| 111 | |a Jornada de treball del Servei de Projectes, Obres i Manteniment |9 71206 |c (Barcelona : |d 2003) | ||
| 245 | |a Jornada de treball del Servei de Projectes, Obres i Manteniment : |b Flor de Maig : |b 4 de desembre de 2003 | ||
| 260 | |a Barcelona : |b [Diputació de Barcelona], |c 2003 | ||
| 300 | |a [266] p. : |b fot., gràfics ; |c 30 cm | ||
| 590 | |a Hi ha la impressió de la presentació en Power Point amb R. 18836 | ||
| 650 | |a Barcelona. Diputació. Servei de Projectes, Obres i Manteniment |x Congressos |9 44090 | ||
| 710 | |a La Flor de Maig |9 54173 | ||
| 710 | 1 | |a Barcelona (Catalunya : Província). |b Diputació |9 52408 | |
| 901 | |a Arxiu | ||
| 942 | |n 1 |2 udc |c JC | ||
| 952 | |0 0 |1 0 |4 0 |6 C2495 |7 1 |9 51790 |a Arxiu |b Arxiu |d 2016-12-01 |l 0 |o C-2-495 |p 18819 |r 2016-12-01 00:00:00 |w 2016-12-01 |y ARXIU | ||
| 999 | |c 55636 |d 55636 | ||